000 00900nam a22002897a 4500
001 4509
003 FISKH
005 20240912140016.0
008 240912b cb ||||| |||| 00| 0 eng d
020 _a9780375824500
040 _aFISKH
_beng
_cFISKH
_dFISKH
050 _aQE714.M37
082 _a560.92
100 _aMcMullan, Kate
_eauthor
245 _aDinosaur Hunters /
_cby Kate McMullan : illustrated by John R. Jones
260 _aNew York :
_bRandom House ;
_c1989.
300 _a48 pages :
_bcolor illustrations ;
_c24 cm .
490 _a(Step into Reading)
505 _aQ
520 _aDescribes the work scientists do to find out more about these huge prehistoric animals.
521 8 _a650
_bLexile estimate
521 8 _aQ
_bRaz-Plus
650 _afossils
_vnon-fiction
700 _aJones, John R.
_eillustrator
942 _2ddc
_cBK
_n0
999 _c4509
_d4509